Welcome to CU Library Online Public Access Catalogue (OPAC)

Mathematical Techniques/ (Record no. 1456)

MARC details
000 -LEADER
fixed length control field 00521nam a22001697a 4500
005 - DATE AND TIME OF LATEST TRANSACTION
control field 20241122160420.0
008 - FIXED-LENGTH DATA ELEMENTS--GENERAL INFORMATION
fixed length control field 241122b |||||||| |||| 00| 0 eng d
020 ## - INTERNATIONAL STANDARD BOOK NUMBER
International Standard Book Number 9788120328266
050 ## - LIBRARY OF CONGRESS CALL NUMBER
Classification number QA300
Item number .A55
100 ## - MAIN ENTRY--PERSONAL NAME
Personal name Andrews, Larry C.
245 ## - TITLE STATEMENT
Title Mathematical Techniques/
Remainder of title for engineers and scientists
Statement of responsibility, etc. Larry C. Andrews & Ronald L. Phillips
260 ## - PUBLICATION, DISTRIBUTION, ETC.
Place of publication, distribution, etc. New Delhi
Name of publisher, distributor, etc. Prentice-Hall of India
Date of publication, distribution, etc. 2006
300 ## - PHYSICAL DESCRIPTION
Extent xv.797p.
Other physical details ill.
Dimensions 24cm
650 ## - SUBJECT ADDED ENTRY--TOPICAL TERM
Source of heading or term Mathematics
700 ## - ADDED ENTRY--PERSONAL NAME
Personal name Phillips, Ronald L.
942 ## - ADDED ENTRY ELEMENTS (KOHA)
Source of classification or shelving scheme Library of Congress Classification
Koha item type Books
Suppress in OPAC No
999 ## -
-- 1456
-- 1456
Holdings
Withdrawn status Lost status Source of classification or shelving scheme Damaged status Not for loan Collection Home library Current library Shelving location Date acquired Total checkouts Full call number Barcode Date last seen Copy number Price effective from Koha item type
    Library of Congress Classification     Non-fiction Science Library (Miotso) Science Library (Miotso) General stacks 11/22/2024   QA300 .A55 AND SLM00000768 11/22/2024 1 11/22/2024 Books
    Library of Congress Classification     Non-fiction Science Library (Miotso) Science Library (Miotso) General stacks 11/22/2024   QA300 .A55 AND SLM00000769 11/22/2024 2 11/22/2024 Books
© 2023-2024 Copyright: Central University Libraries. All Rights Reserved | Created by: Mahone Tech Office